Territory = Territorio /

में बचाया:
ग्रंथसूची विवरण
मुख्य लेखक: Leavitt, David
अन्य लेखक: Vezzoli, Delfina
स्वरूप: पुस्तक
भाषा:अंग्रेज़ी
इतालवी
प्रकाशित: Roma : La biblioteca di repubblica - l'Espresso, 2015
श्रृंखला:New short stories ; 2
टैग: टैग जोड़ें
कोई टैग नहीं, इस रिकॉर्ड को टैग करने वाले पहले व्यक्ति बनें!

MARC

LEADER 00000nam a22000007i 4500
001 IT\ICCU\BVE\0735458
003 ItRI
005 20240624213614.0
008 170306s2015 it |||||| ||||| |||||c
040 |b ita  |c C 
041 7 |a eng  |a ita  |2 ISO-639-2 
100 1 |a Leavitt, David  |0 IT\ICCU\CFIV\008092 
245 1 0 |a Territory =  |b  Territorio /  |c D. Leavitt ; traduzione di Delfina Vezzoli. 
246 1 1 |a Territorio 
260 |a Roma :  |b La biblioteca di repubblica - l'Espresso,  |c 2015 
300 |a 71 p. ;  |c 18 cm. 
700 1 |a Vezzoli, Delfina  |0 IT\ICCU\CFIV\008093 
830 0 |a New short stories ;  |v 2  |0 IT\ICCU\UM1\0158007 
942 |2 ddc  |c BK 
952 |0 0  |1 0  |2 ddc  |4 0  |6 813_540000000000000_LEA_TER  |7 1  |9 1496  |a GE  |b GE  |d 2024-06-24  |l 0  |o 813.54 LEA TER  |p 2029  |r 2024-06-24 21:40:06  |w 2024-06-24  |x Donazione di Alvaro Bazzano  |y BK  |z Donazione AB 
981 1 |6 z01  |a i   |b xxxe  
982 1 |6 z01  |a n 
999 |c 1312  |d 1312